000 01101nam a2200265Ia 4500
003 OSt
005 20221209081246.0
008 191128s2006 ck a gr 000 0dspa d
020 _a9588025737
040 _aCO-JMCR
_cCO-JMCR
041 0 _aspa
082 0 4 _a303.484 /
_bC718f
110 2 _aColombia.
_91612
_bDepartamento Nacional de Planeación
245 2 0 _aFomentar la cultura ciudadana /
_cDepartamento Nacional de Planeación
260 _aBogotá :
_bDepartamento Nacional de Planeación,
_c2006
300 _axv, 83 páginas :
_bilustraciones a color ;
_c28 cm.
490 0 _aVisión Colombia II Centenario
504 _aBibliografía: páginas 81-83
505 _aCultura ciudadana: conceptos básicos -- De dónde venimos y dónde estamos -- Visión y principios fundamentales -- Metas, planes, proyectos y cambios institucionales y legales requeridos
650 1 4 _aIntervención económica
_zColombia
_93238
650 2 4 _aEconomía
_zColombia
_93239
650 2 4 _aCultura ciudadana
_zColombia
_93240
650 2 4 _aPlanificación económica
_zColombia
_93241
942 _2ddc
_cBK
999 _c4986
_d4986